| 000 | 00592cam a2200145 4500500 | ||
|---|---|---|---|
| 005 | 20260208002355.0 | ||
| 041 | _afre | ||
| 042 | _adc | ||
| 100 | 1 | 0 |
_aGiafferi-Dombre, Natacha _eauthor |
| 245 | 0 | 0 | _aBenjamin Feinberg, The Devil’s Book of Culture History, Mushrooms, and Caves in Southern Mexico, Austin, University of Texas Press, 2003, xiv + 272 p., bibl., ill., carte |
| 260 | _c2006. | ||
| 500 | _a38 | ||
| 786 | 0 | _nL'Homme | 177-178 | 1 | 2006-01-01 | p. 505n-577n | 0439-4216 | |
| 856 | 4 | 1 | _uhttps://shs.cairn.info/revue-l-homme-2006-1-page-505n?lang=fr&redirect-ssocas=7080 |
| 999 |
_c1646019 _d1646019 |
||